The Bond of Eternity/ (Record no. 205060)

MARC details
000 -LEADER
fixed length control field 00605nam a22001937a 4500
005 - DATE AND TIME OF LATEST TRANSACTION
control field 20240816102606.0
010 ## - LCCN (DPL NO)
LC control number ENG-141042
020 ## - INTERNATIONAL STANDARD BOOK NUMBER
Terms of availability 200.00
International Standard Book Number 9789358195446
035 ## - SYSTEM CONTROL NUMBER
System control number EN-124574
037 ## - SOURCE OF ACQUISITION
Source of stock number/acquisition DBAD
082 ## - DEWEY DECIMAL CLASSIFICATION NUMBER
Classification number 881
Edition number 1
100 ## - MAIN ENTRY--PERSONAL NAME
Personal name Saikia, Kritashree
245 ## - TITLE STATEMENT
Title The Bond of Eternity/
Statement of responsibility, etc By Kritashree Saikia
250 ## - EDITION STATEMENT
Edition statement 1
260 ## - PUBLICATION, DISTRIBUTION, ETC. (IMPRINT)
Place of publication, distribution, etc Uttar Pradesh
Name of publisher, distributor, etc BLUEROSE PUBLISHERS
Date of publication, distribution, etc 2023
270 ## - ADDRESS
City Uttar Pradesh
Address ABL Workspaces, B-6, Amaltash Marg, Block B, Sector 4, Noida, Uttar Pradesh
Postal code 201301
300 ## - PHYSICAL DESCRIPTION
Extent 136p.
Dimensions 20cm(pbk)
942 ## - ADDED ENTRY ELEMENTS (KOHA)
Source of classification or shelving scheme Dewey Decimal Classification
Classification part 881
Item type English Books
Call number suffix SAI
Edition 1
Holdings
Withdrawn status Lost status Not for loan Collection code Home library Current library Date acquired Source of acquisition Cost, normal purchase price Full call number Barcode Copy number Cost, replacement price Koha item type
      Non-fiction Janak Puri Janak Puri 16/08/2024 Delivery of Books Act Division 200.00 881 SAI EN-124574 1 200.00 English Books

© Delhi Public Library
Hit Counter
free hit counter